<?xml version="1.0" encoding="UTF-8"?>
<record
    xmlns:xsi="http://www.w3.org/2001/XMLSchema-instance"
    xsi:schemaLocation="http://www.loc.gov/MARC21/slim http://www.loc.gov/standards/marcxml/schema/MARC21slim.xsd"
    xmlns="http://www.loc.gov/MARC21/slim">

  <leader>01400nam a22002777a 4500</leader>
  <controlfield tag="005">20170124103215.0</controlfield>
  <datafield tag="010" ind1=" " ind2=" ">
    <subfield code="a">A-766921</subfield>
  </datafield>
  <datafield tag="020" ind1=" " ind2=" ">
    <subfield code="c">00.00</subfield>
    <subfield code="a">8121604400</subfield>
  </datafield>
  <datafield tag="035" ind1=" " ind2=" ">
    <subfield code="a">A-766921</subfield>
  </datafield>
  <datafield tag="037" ind1=" " ind2=" ">
    <subfield code="b">Cen Lib/Ret</subfield>
  </datafield>
  <datafield tag="040" ind1=" " ind2=" ">
    <subfield code="a">DPL</subfield>
    <subfield code="b">HN</subfield>
  </datafield>
  <datafield tag="082" ind1=" " ind2=" ">
    <subfield code="a">&#x909; </subfield>
    <subfield code="b">&#x938;&#x947;&#x902;&#x924;&#x947;&#x915;</subfield>
  </datafield>
  <datafield tag="100" ind1=" " ind2=" ">
    <subfield code="a">&#x938;&#x947;&#x902;&#x924;&#x947;&#x915;&#x91C;&#x94D;&#x92F;&#x941;&#x92A;&#x947;&#x930;&#x940;, &#x906;&#x902;&#x924;&#x94D;&#x935;&#x93E;&#x928; &#x926; </subfield>
    <subfield code="9">98287</subfield>
  </datafield>
  <datafield tag="245" ind1=" " ind2=" ">
    <subfield code="a">&#x91B;&#x94B;&#x91F;&#x93E; &#x930;&#x93E;&#x91C;&#x915;&#x941;&#x92E;&#x93E;&#x930; /</subfield>
    <subfield code="c">&#x906;&#x902;&#x924;&#x94D;&#x935;&#x93E;&#x928; &#x926; &#x938;&#x947;&#x902;&#x924;&#x947;&#x915;&#x91C;&#x94D;&#x92F;&#x941;&#x92A;&#x947;&#x930;&#x940; ; &#x905;&#x928;&#x941;&#x935;&#x93E;&#x926;&#x915; &#x91C;&#x917;&#x935;&#x902;&#x936; &#x915;&#x93F;&#x936;&#x94B;&#x930; &#x92C;&#x932;&#x92C;&#x940;&#x930; ; &#x938;&#x92E;&#x94D;&#x92A;&#x93E;&#x926;&#x915; &#x928;&#x92B;&#x940;&#x938; &#x906;&#x92B;&#x930;&#x940;&#x926;&#x940;</subfield>
  </datafield>
  <datafield tag="246" ind1=" " ind2=" ">
    <subfield code="a">Chota rajkumar /</subfield>
    <subfield code="b">by Antvaan D Sentekzyuperi ; anuvadak Jagvansh Kishore Balbeer ; sampadak Nafees Afridi </subfield>
  </datafield>
  <datafield tag="260" ind1=" " ind2=" ">
    <subfield code="a">&#x926;&#x93F;&#x932;&#x94D;&#x932;&#x940;  </subfield>
    <subfield code="b">&#x939;&#x93F;&#x928;&#x94D;&#x926; &#x92A;&#x949;&#x915;&#x947;&#x91F; &#x92C;&#x941;&#x915;&#x94D;&#x938; </subfield>
    <subfield code="c">1946</subfield>
  </datafield>
  <datafield tag="270" ind1=" " ind2=" ">
    <subfield code="a">&#x91C;&#x940;.&#x91F;&#x940;.&#x930;&#x94B;&#x921;, &#x926;&#x93F;&#x932;&#x936;&#x93E;&#x926; &#x917;&#x93E;&#x930;&#x94D;&#x921;&#x928; </subfield>
    <subfield code="b">&#x926;&#x93F;&#x932;&#x94D;&#x932;&#x940;  </subfield>
    <subfield code="e">110095</subfield>
  </datafield>
  <datafield tag="300" ind1=" " ind2=" ">
    <subfield code="a">119&#x92A;&#x943;. </subfield>
    <subfield code="c">20&#x938;&#x947;&#x92E;&#x940;(&#x938;&#x91C;&#x93F;&#x932;&#x94D;&#x926;)</subfield>
  </datafield>
  <datafield tag="650" ind1=" " ind2=" ">
    <subfield code="a">&#x938;&#x93E;&#x939;&#x93F;&#x924;&#x94D;&#x92F; -- &#x909;&#x92A;&#x928;&#x94D;&#x92F;&#x93E;&#x938; </subfield>
    <subfield code="9">98288</subfield>
  </datafield>
  <datafield tag="650" ind1=" " ind2=" ">
    <subfield code="a">&#x939;&#x93F;&#x928;&#x94D;&#x926;&#x940; &#x909;&#x92A;&#x928;&#x94D;&#x92F;&#x93E;&#x938; </subfield>
    <subfield code="9">98289</subfield>
  </datafield>
  <datafield tag="650" ind1=" " ind2=" ">
    <subfield code="a">Literature - fiction</subfield>
    <subfield code="9">98290</subfield>
  </datafield>
  <datafield tag="650" ind1=" " ind2=" ">
    <subfield code="a">Hindi novel</subfield>
    <subfield code="9">98291</subfield>
  </datafield>
  <datafield tag="700" ind1=" " ind2=" ">
    <subfield code="a">&#x91C;&#x917;&#x935;&#x902;&#x936; &#x915;&#x93F;&#x936;&#x94B;&#x930; &#x92C;&#x932;&#x92C;&#x940;&#x930; </subfield>
    <subfield code="9">98292</subfield>
  </datafield>
  <datafield tag="700" ind1=" " ind2=" ">
    <subfield code="a">&#x906;&#x92B;&#x930;&#x940;&#x926;&#x940;, &#x928;&#x92B;&#x940;&#x938; </subfield>
    <subfield code="9">98293</subfield>
  </datafield>
  <datafield tag="942" ind1=" " ind2=" ">
    <subfield code="2">ddc</subfield>
    <subfield code="c">HN</subfield>
    <subfield code="h">&#x909; </subfield>
    <subfield code="m">&#x938;&#x947;&#x902;&#x924;&#x947;&#x915;</subfield>
  </datafield>
  <datafield tag="999" ind1=" " ind2=" ">
    <subfield code="c">121464</subfield>
    <subfield code="d">121464</subfield>
  </datafield>
  <datafield tag="952" ind1=" " ind2=" ">
    <subfield code="0">0</subfield>
    <subfield code="1">0</subfield>
    <subfield code="4">0</subfield>
    <subfield code="7">0</subfield>
    <subfield code="a">L</subfield>
    <subfield code="b">L</subfield>
    <subfield code="d">2015-10-08</subfield>
    <subfield code="e">Cen Lib/Ret</subfield>
    <subfield code="g">0.00</subfield>
    <subfield code="l">0</subfield>
    <subfield code="o">&#x909;  &#x938;&#x947;&#x902;&#x924;&#x947;&#x915;</subfield>
    <subfield code="p">A-766921</subfield>
    <subfield code="r">2015-10-08 00:00:00</subfield>
    <subfield code="t">1</subfield>
    <subfield code="v">0.00</subfield>
    <subfield code="w">2015-10-08</subfield>
    <subfield code="y">HN</subfield>
  </datafield>
</record>
